LEADER 00825nam2 22002291i 450 001 990007808010403321 035 $a000780801 035 $aFED01000780801 035 $a(Aleph)000780801FED01 035 $a000780801 100 $a20030801d--------km-y0itay50------ba 200 1 $a<>obbligo di correttezza come limite esterno alle prerogative imprenditoriali e alla gestione collettiva degli interessi dei lavoratori v.5 pp.437-458 463 0$1001000777029 610 0 $a 701 1$aCastelvetri,$bLaura$0237518 801 0$aIT$bUNINA$gRICA$2UNIMARC 901 $aBK 912 $a990007808010403321 959 $aDDCP 996 $aObbligo di correttezza come limite esterno alle prerogative imprenditoriali e alla gestione collettiva degli interessi dei lavoratori v.5 pp.437-458$9662190 997 $aUNINA DB $aGEN01 LEADER 01564nam 2200397z- 450 001 9910694470503321 005 20080719092045.0 035 $a(CKB)5860000000024143 035 $a(BIP)023383396 035 $a(EXLCZ)995860000000024143 100 $a20220406c2008uuuu -u- - 101 0 $aeng 200 10$aGAO's analysis of the Gulf Coast recovery $ea dialogue on removing the obstacles to the recovery effort : hearing before the Ad Hoc Subcommittee on Disaster Recovery of the Committee on Homeland Security and Governmental Affairs, United States Senate, One Hundred Tenth Congress, first session, April 12, 2007 215 $a1 online resource (iii, 134 p.) $cill 311 $a0-16-080492-2 517 $aGAO's Analysis of the Gulf Coast Recovery 606 $aDisaster relief$zGulf States 606 $aHurricane Katrina, 2005 606 $aBuildings$xRepair and reconstruction$zGulf States$xFinance 606 $aFederal aid to community development$zGulf States 610 $aDisaster relief 610 $aHurricane katrina, 2005 610 $aBuildings 610 $aEconomic assistance, domestic 610 $aSocial science 610 $aNature 610 $aTechnology & engineering 610 $aPolitical science 615 0$aDisaster relief 615 0$aHurricane Katrina, 2005. 615 0$aBuildings$xRepair and reconstruction$xFinance. 615 0$aFederal aid to community development 906 $aBOOK 912 $a9910694470503321 996 $aGAO's analysis of the Gulf Coast recovery$93153199 997 $aUNINA